000 00362nam a22001337a 4500
008 160513b xxu||||| |||| 00| 0 eng d
020 _a9780071455527
020 _a9780071455527
020 _a0071455523
041 _aeng
080 _a611
245 _aPre test the right questions for the right answers:
_cRobert J. Yetman ; Mark D. Hormann;
942 _2udc
_cBK
999 _c2148
_d2148